Loading...
| Fine Arts - Classical Music | 0 | 6 | 0 | 0 | 60 | 30 | 61.83 | 2 | 4 | 29.77 | 44.27 |
| Science - Other | 0 | 4 | 0 | 0 | 40 | 53 | 80.25 | 0 | 1 | 11.47 | 20.91 |
| Literature - World/Other | 0 | 3 | 0 | 1 | 30 | 73 | 110.00 | 0 | 2 | 6.42 | 18.64 |
| Science - Biology | 0 | 3 | 0 | 0 | 30 | 29 | 50.67 | 2 | 2 | 16.23 | 22.73 |
| Literature - European | 0 | 2 | 0 | 0 | 20 | 61 | 62.50 | 0 | 2 | 9.24 | 14.34 |
| Fine Arts - Visual | 0 | 2 | 1 | 1 | 15 | 81 | 107.50 | 0 | 0 | 3.12 | 5.45 |
| Social Science | 0 | 1 | 0 | 0 | 10 | 112 | 112.00 | 0 | 1 | 0.31 | 6.36 |
| Science - Physics | 0 | 1 | 0 | 0 | 10 | 102 | 102.00 | 0 | 0 | 1.73 | 1.82 |
| Literature - American | 0 | 1 | 0 | 1 | 10 | 70 | 70.00 | 0 | 0 | 4.76 | 4.55 |
| Mythology | 0 | 0 | 1 | 0 | -5 | 0.00 | 0 | 0 | 0.00 | 0.00 | |
| History - Other | 0 | 0 | 1 | 0 | -5 | 0.00 | 0 | 0 | 0.00 | 0.00 |